Statistics for Countries by Google Maps Image

Click here to take the quiz!

General Stats

  • This quiz has been taken 99 times
  • The average score is 9 of 16

Answer Stats

Answer% Correct
Japan
85%
Taiwan
73%
Russia
72%
United States
72%
Greece
70%
France
67%
Madagascar
66%
Iceland
65%
Libya
54%
Iran
53%
Australia
49%
Papua New Guinea
46%
Bangladesh
39%
Venezuela
38%
Turkmenistan
23%
Ecuador
20%

Score Distribution

Percentile by Number Answered

Percent of People with Each Score

Your Score History

You have not taken this quiz